Districts (Kreise) of Germany on a Map - Statistics

General Stats
  • This quiz has been taken 7,924 times
  • The average score is 110 of 401
Answers on the Map
Answers color-coded by a green-red scale on the quiz's map according to % correct below.
 
Answer Stats
District % Correct
Berlin
90%
Hamburg
86%
Frankfurt am Main
84%
Munich
84%
Bremen
82%
Cologne
81%
Dresden
80%
Kiel
78%
Leipzig
78%
Düsseldorf
76%
Stuttgart
75%
Nuremberg
74%
Hanover
73%
Dortmund
72%
Aachen
71%
Essen
71%
Potsdam
71%
Rostock
70%
Saarbrücken
70%
Bonn
67%
Lübeck
67%
Mainz
66%
Freiburg im Breisgau
64%
Augsburg
63%
Bremerhaven
63%
Magdeburg
63%
Mannheim
63%
Erfurt
61%
Chemnitz
60%
Münster
60%
Ulm
60%
Bielefeld
59%
Heide
59%
Karlsruhe
59%
Duisburg
58%
Flensburg
58%
Schwerin
58%
Jena
57%
Oldenburg
57%
Regen
57%
Trier
57%
Halle
56%
Kassel
56%
Bochum
55%
Regensburg
55%
Braunschweig
54%
Wolfsburg
54%
Cottbus
53%
Konstanz
53%
Osnabrück
53%
Wuppertal
53%
Heidelberg
52%
Koblenz
52%
Wiesbaden
52%
Würzburg
52%
Darmstadt
50%
Ingolstadt
50%
Gelsenkirchen
49%
Passau
49%
Baden-Baden
48%
Mönchengladbach
48%
Leverkusen
46%
Weimar
46%
Gera
45%
Göttingen
45%
Kaiserslautern
45%
Paderborn
44%
Fürth
43%
Ludwigshafen am Rhein
43%
Zwickau
42%
Bamberg
41%
Görlitz
41%
Bayreuth
40%
Emden
40%
Hamm
39%
Offenbach
39%
Offenbach am Main
39%
Cuxhaven
38%
Erlangen
38%
Hof
38%
Lüneburg
38%
Wilhelmshaven
38%
Worms
38%
Frankfurt (Oder)
37%
Fulda
37%
Oberhausen
37%
Heilbronn
36%
Tübingen
36%
Aschaffenburg
35%
Coburg
35%
Krefeld
35%
Gießen
34%
Hagen
34%
Pforzheim
34%
Saarlouis
34%
Friesland
33%
Neu-Ulm
33%
Rosenheim
33%
Garmisch-Partenkirchen
32%
Hildesheim
32%
Solingen
32%
Cleves
31%
Dessau-Roßlau
31%
Lippe
31%
Ludwigsburg
31%
Nordfriesland
31%
Ravensburg
31%
Bodensee
30%
Bottrop
30%
Landshut
30%
Salzgitter
30%
Bautzen
29%
Celle
29%
Lindau
29%
Mülheim an der Ruhr
29%
Neumünster
29%
Recklinghausen
29%
Reutlingen
29%
Erzgebirgs
28%
Gotha
28%
Herne
28%
Kempten
28%
Saale
28%
Schweinfurt
28%
Speyer
28%
Dachau
27%
Düren
27%
Emsland
27%
Memmingen
27%
Ansbach
26%
Eisenach
26%
Gütersloh
26%
Harz
26%
Wittenberg
26%
Aurich
25%
Esslingen
25%
Goslar
25%
Leer
25%
Meissen
25%
Stade
25%
Zweibrücken
25%
Brandenburg an der Havel
24%
Mecklenburgische Seenplatte
24%
Roth
24%
Heidenheim
23%
Landau
23%
Pinneberg
23%
Remscheid
23%
Vogtland
23%
Dithmarschen
22%
Havelland
22%
Lörrach
22%
Uckermark
22%
Unna
22%
Vorpommern-Rügen
22%
Hochsauerland
21%
Ostholstein
21%
Pirmasens
21%
Wesel
21%
Cloppenburg
20%
Delmenhorst
20%
Freising
20%
Lauenburg
20%
Main-Taunus
20%
Nordwestmecklenburg
20%
Oberallgäu
20%
Soest
20%
Vechta
20%
Vorpommern-Greifswald
20%
Amberg
19%
Böblingen
19%
Deggendorf
19%
Mittelsachsen
19%
Nordsachsen
19%
Olpe
19%
Rastatt
19%
Rhein-Sieg
19%
Straubing
19%
Suhl
19%
Uelzen
19%
Verden
19%
Wolfenbüttel
19%
Berchtesgadener Land
18%
Borken
18%
Cham
18%
Euskirchen
18%
Göppingen
18%
Harburg
18%
Herford
18%
Mettmann
18%
Neunkirchen
18%
Nordhausen
18%
Oder-Spree
18%
Ostallgäu
18%
Rotenburg
18%
Schaumburg
18%
Schwäbisch Hall
18%
Sigmaringen
18%
Stendal
18%
Viersen
18%
Ahrweiler
17%
Bergstraße
17%
Calw
17%
Coesfeld
17%
Erding
17%
Heinsberg
17%
Ludwigslust-Parchim
17%
Märkischer
17%
Neuwied
17%
Odenwald
17%
Peine
17%
Plön
17%
Prignitz
17%
Rhein-Neckar
17%
Rottweil
17%
Schleswig-Flensburg
17%
Starnberg
17%
Steinfurt
17%
Traunstein
17%
Bentheim
16%
Biberach
16%
Burgenland
16%
Groß-Gerau
16%
Hochtaunuskreis
16%
Höxter
16%
Kaufbeuren
16%
Lahn-Dill
16%
Landsberg
16%
Main-Kinzig
16%
Oberhavel
16%
Potsdam-Mittelmark
16%
Rhein-Erft
16%
Rhein-Lahn
16%
Salzwedel
16%
Tuttlingen
16%
Unterallgäu
16%
Westerwald
16%
Bad Kreuznach
15%
Diepholz
15%
Kyffhäuser
15%
Neustadt an der Weinstraße
15%
Sankt Wendel
15%
Segeberg
15%
Spree-Neiße
15%
Steinburg
15%
Vulkaneifel
15%
Wartburg
15%
Weimarer Land
15%
Wesermarsch
15%
Wittmund
15%
Altenburger Land
14%
Bad Kissingen
14%
Barnim
14%
Ennepe-Ruhr
14%
Frankenthal
14%
Fürstenfeldbruck
14%
Greiz
14%
Ilm
14%
Jerichower Land
14%
Neumarkt
14%
Nienburg
14%
Oberbergischer
14%
Ortenau
14%
Saarpfalz
14%
Sächsische Schweiz-Osterzgebirge
14%
Siegen-Wittgenstein
14%
Sonneberg
14%
Waldshut
14%
Warendorf
14%
Alb-Donau
13%
Altenkirchen
13%
Altötting
13%
Ammerland
13%
Bad Dürkheim
13%
Bitburg-Prüm
13%
Börde
13%
Breisgau-Hochschwarzwald
13%
Dahme-Spreewald
13%
Elbe-Elster
13%
Emmendingen
13%
Freudenstadt
13%
Gifhorn
13%
Günzburg
13%
Helmstedt
13%
Main-Tauber
13%
Mainz-Bingen
13%
Mayen-Koblenz
13%
Minden-Lübbecke
13%
Nürnberger Land
13%
Ostalb
13%
Rendsburg-Eckernförde
13%
Rhein-Pfalz
13%
Salzland
13%
Sömmerda
13%
Teltow-Fläming
13%
Wetterau
13%
Alzey-Worms
12%
Anhalt-Bitterfeld
12%
Eichsfeld
12%
Eichstätt
12%
Enz
12%
Germersheim
12%
Hameln-Pyrmont
12%
Hohenlohe
12%
Holzminden
12%
Kulmbach
12%
Lüchow-Dannenberg
12%
Main-Spessart
12%
Märkisch-Oderland
12%
Miltenberg
12%
Northeim
12%
Oberspreewald-Lausitz
12%
Osterholz
12%
Ostprignitz-Ruppin
12%
Pfaffenhofen
12%
Rems-Murr
12%
Rhein-Kreis Neuss
12%
Saale-Orla
12%
Schwabach
12%
Schwarzwald-Baar
12%
Stormarn
12%
Südliche Weinstraße
12%
Südwestpfalz
12%
Vogelsberg
12%
Zollernalb
12%
Bad Tölz-Wolfratshausen
11%
Cochem-Zell
11%
Darmstadt-Dieburg
11%
Dillingen
11%
Donnersberg
11%
Kitzingen
11%
Kusel
11%
Marburg-Biedenkopf
11%
Miesbach
11%
Neckar-Odenwald
11%
Rheingau-Taunus
11%
Rhein-Hunsrück
11%
Rheinisch-Bergischer
11%
Saale-Holzland
11%
Schwandorf
11%
Trier-Saarburg
11%
Birkenfeld
10%
Ebersberg
10%
Forchheim
10%
Hildburghausen
10%
Kronach
10%
Lichtenfels
10%
Limburg-Weilburg
10%
Mansfeld-Südharz
10%
Merzig-Wadern
10%
Mühldorf
10%
Rottal-Inn
10%
Schwalm-Eder
10%
Tirschenreuth
10%
Weiden in der Oberpfalz
10%
Bernkastel-Wittlich
9%
Donau-Ries
9%
Freyung-Grafenau
9%
Haßberge
9%
Kelheim
9%
Rhön-Grabfeld
9%
Saalfeld-Rudolstadt
9%
Schmalkalden-Meiningen
9%
Straubing-Bogen
9%
Unstrut-Hainich
9%
Waldeck-Frankenberg
9%
Werra-Meißner
9%
Wunsiedel
9%
Aichach-Friedberg
8%
Dingolfing-Landau
8%
Erlangen-Höchstadt
8%
Neustadt an der Waldnaab
8%
Weilheim-Schongau
8%
Amberg-Sulzbach
7%
Hersfeld-Rotenburg
7%
Neuburg-Schrobenhausen
6%
Neustadt (Aisch)-Bad Windsheim
6%
Weißenburg-Gunzenhausen
6%
No matching quizzes found
Score Distribution
Percent of People with Each Score
Percentile by Number Answered
Your Score History
You have not taken this quiz